LEADER 00892nam a2200205 i 4500 001 000000224202 003 CaOOAMICUS 005 20131028000000.0 008 131028s1829 it u000 u lat u 013 $a203100 026 $aq.a- oso- 4.6, XX1P (3) 1829 (R) 040 $aSeMil$bita 245 10$aTomus 4. 300 $a[4], 470, [2] p. 773 0 $aGuillon, Marie Nicolas Sylvestre <1760-1847>$tCollectio selecta SS. Ecclesiae Patrum, complectens exquisitissima opera tum dogmatica et moralia, tum apologetica et oratoria; accurantibus D. Caillau ... una cum D.M.N.S. Guillon ..$dParisiis : Apud Méquignon-Havard, 1829-1840 (Parisiis : Typis Decourchant)$g4$w()28977 850 $aSeMil 852 $aSeMil$W1$xVenegono$y1$m2S II 4 FA$j174548$B174548$CSeMilBibl$Z2$F184621 $8I 941 1 $a10 961 $aRecupero: Mantegazza 996 $6245$aTomus 4$9(OLS)http://semarc/title/151236 LEADER 01059nam a2200229 i 4500 001 000000209231 003 CaOOAMICUS 005 20111210000000.0 008 111210s1943 it u000 u lat u 013 $a188020 040 $aSeMil$bita 100 1 $aOliger, Livarius.$0(OLS)http://semarc/name/40407 245 13$aDe secta spiritus libertatis in Umbria saec. 14. :$bdisquisitio et documenta /$cP. Livarius Oliger ofm. 260 $aRoma :$bEdizioni di Storia e Letteratura,$c1943. 300 $aXII, 166 p. ;$c26 cm. 490 0 $aStoria e letteratura : raccolta di studi e testi ;$v3 650 4$aFrancescanesimo - Regola.$0(OLS)http://semarc/subject/10002 830 0$aStoria e letteratura ;$v3.$0(OLS)http://semarc/title/420 850 $aSeMil 852 $aSeMil$W1$xVenegono$y1$m3T V 3$j159682$B159682$CSeMilBibl$Z2$F170733 $81 996 $6245$aDe secta spiritus libertatis in Umbria saec. 14. :$bdisquisitio et documenta$9(OLS)http://semarc/title/302448 996 $6260$aRoma :$bEdizioni di Storia e Letteratura$9(OLS)http://semarc/publisher/29779